| 000 | 00800nam a22002057a 4500 | ||
|---|---|---|---|
| 003 | NUST-PNEC | ||
| 005 | 20170116180706.0 | ||
| 008 | 140925b xxu||||| |||| 00| 0 eng d | ||
| 020 | _a0831126353 | ||
| 040 | _cPNEC | ||
| 082 | _a621.80'20 OBE | ||
| 100 |
_9359 _aOberg, Erik |
||
| 245 |
_aMachinery's Handbook 26: _b A Reference Book for the Mechanical Engineer, Designer, Manufacturing Engineer, Draftsman, Toolmaker, and Machinist _cErik Oberg |
||
| 250 | _a26th ed. | ||
| 260 |
_aNew York _bIndustrial Press, Inc. _cc2000. |
||
| 300 |
_a2630 p. : _bill. : _c26 cm. |
||
| 500 | _aIncludes Index http://www.amazon.com/Machinerys-Handbook-Reference-Mechanical-Manufacturing/dp/0831126353/ref=sr_1_1?s=books&ie=UTF8&qid=1411619000&sr=1-1&keywords=0831126353 | ||
| 650 | _xME, IME | ||
| 942 |
_2ddc _cBK |
||
| 999 |
_c60741 _d60741 |
||